Business Statistics Using Excel/ (Record no. 206066)

MARC details
000 -LEADER
fixed length control field 00634nam a22002057a 4500
005 - DATE AND TIME OF LATEST TRANSACTION
control field 20241105111437.0
010 ## - LCCN (DPL NO)
LC control number ENG-141869
020 ## - INTERNATIONAL STANDARD BOOK NUMBER
International Standard Book Number 9789354791567
Terms of availability 795.00
035 ## - SYSTEM CONTROL NUMBER
System control number EN-125401
037 ## - SOURCE OF ACQUISITION
Source of stock number/acquisition DBAD
082 ## - DEWEY DECIMAL CLASSIFICATION NUMBER
Classification number 658.150285554
100 ## - MAIN ENTRY--PERSONAL NAME
Personal name Panneerselvam, R.
245 ## - TITLE STATEMENT
Title Business Statistics Using Excel/
Statement of responsibility, etc By R. Panneerselvam
246 ## - VARYING FORM OF TITLE
Remainder of title
250 ## - EDITION STATEMENT
Edition statement 1
260 ## - PUBLICATION, DISTRIBUTION, ETC. (IMPRINT)
Name of publisher, distributor, etc Sage Publishing India Pvt Ltd
Place of publication, distribution, etc New Delhi
Date of publication, distribution, etc 2022
270 ## - ADDRESS
City New Delhi
Address B1/1-1 Mohan Cooperative Indutrial Area Mathura Road
Postal code 110044
State or province Delhi
300 ## - PHYSICAL DESCRIPTION
Extent 648p.
Dimensions 24cm(pb)
942 ## - ADDED ENTRY ELEMENTS (KOHA)
Source of classification or shelving scheme Dewey Decimal Classification
Item type English Books
Classification part 658.150285554
Call number suffix PAN
Holdings
Withdrawn status Lost status Not for loan Collection code Home library Current library Date acquired Source of acquisition Cost, normal purchase price Full call number Barcode Copy number Cost, replacement price Koha item type
      Non-fiction Bawana Bawana 01/10/2024 Delivery of Books Act Division 795.00 658.150285554 PAN EN-125401 1 795.00 English Books

© Delhi Public Library
Hit Counter
free hit counter